Sportif par description wikipédia. - Statistiques

Statistiques générales
  • Ce quiz a été pris 528 fois
  • Le résultat moyen est 10 sur 12
Statistiques - réponses
Description Wikipédia Sportif % Correct
...né le 21 août 1986 dans la paroisse de Trelawny, est un athlète jamaïcain, spécialiste des épreuves de sprint, généralement considéré comme le plus grand sprinter de tous les temps. Usain Bolt
95%
...né le 8 août 1981 à Bâle, est un joueur de tennis suisse, professionnel de 1998 à 2022. Roger Federer
94%
...surnommé TP, né le 17 mai 1982 à Bruges (Belgique), est un joueur de basket-ball international franco-américain Tony Parker
94%
...née le 9 octobre 1986 à Villeurbanne, est une nageuse française pratiquant les quatre nages ayant obtenu des résultats nationaux et internationaux dans la quasi-totalité des distances de compétition : 50 m, 100 m, 200 m, 400 m, 800 m et 1500 m. Laure Manaudou
91%
...né le 17 janvier 1942 à Louisville dans le Kentucky et mort le 3 juin 2016 à Scottsdale en Arizona3, est un boxeur américain évoluant en catégorie poids lourds, considéré comme un des plus grands boxeurs de tous les temps Mohamed Ali
90%
... né le 23 juin 1972 à Marseille, est un footballeur international français évoluant au poste de milieu offensif, comme meneur de jeu devenu entraîneur. Zinédine Zidane
90%
... né le 3 janvier 1969 à Hürth-Hermülheim (RFA, aujourd'hui l'Allemagne), est un pilote automobile allemand. Michael Schumacher
89%
...en serbe en écriture cyrillique : Никола Карабатић, il est né le 11 avril 1984 à Niš en Serbie (Yougoslavie), est un joueur français de handball. Il évolue au poste d'arrière gauche ou de demi-centre en équipe de France et au club du Paris Saint-Germain. Nikola Karabatic
89%
...né le 30 décembre 1975 en Californie, est un golfeur américain. Tiger Woods
89%
...né le 12 mai 1975 à Auckland ou Pukekohe selon les sources et mort le 18 novembre 2015 à Auckland, est un joueur international de rugby à XV néo-zélandais évoluant au poste d'ailier. Jonah Lomu
64%
...né le 12 mai 1968 à San Diego en Californie, est un skateboarder professionnel et un acteur américain. Tony Hawk
64%
...est un coureur cycliste français, né le 19 novembre 1969 à Casablanca (Maroc), et actif de 1991 à 2004. Richard Virenque
36%
Aucun quiz correspondant
Distribution des résultats
% des personnes avec chaque résultat
Percentile par nombre de réponses
Votre historique - résultats
Vous n’avez pas pris ce quiz